000 00536nam a2200169 i 4500
001 46796
003 ES-MaACL
005 20250721144329.0
007 t|
008 030401s1907 fr |||| | fre d
245 0 0 _aConnaissance des temps on des mouvements celestes pour le miridiac de Paris áa l'usage des astronomes et des navigateurs pour l'an 1909.
260 _aParis :
_bGauthier-Villars,
_c1907.
300 _a932 p. ;
_c24 cm.
650 7 _aAstronomía
_2embne
_910386
852 _aES-MaACL
_jF-799
999 _c46796
_d46796